[Event "Milan SSM op"]
[Site "Milan"]
[Date "2011.07.29"]
[Round "1"]
[White "Guzzetti, Luigi Enrico"]
[Black "Martinez, Rolly"]
[Result "0-1"]
[WhiteElo "1962"]
[BlackElo "2419"]
[PlyCount "60"]
[EventDate "2011.07.29"]
[EventType "swiss"]
[EventRounds "7"]
[EventCountry "ITA"]
[SourceTitle "OM OTB B 201907"]
[Source "Opening Master"]
[SourceDate "2019.07.06"]
[SourceVersion "2"]
[SourceVersionDate "2019.07.06"]
[SourceQuality "1"]

1. e4 c5 2. Nf3 Nc6 3. d4 cxd4 4. Nxd4 Nf6 5. Nc3 d6 6. Be2 e5 7. Nb3 a5 8. Be3
Be7 9. O-O O-O 10. f3 Be6 11. Nd5 Bxd5 12. exd5 Nb4 13. c4 Nd7 14. Qd2 b6 15.
a3 Na6 16. Nc1 Nac5 17. Qc2 Bg5 18. Bf2 a4 19. b4 axb3 20. Nxb3 f5 21. Nxc5
Nxc5 22. Bxc5 bxc5 23. Bd3 Be3+ 24. Kh1 Qg5 25. a4 Bd4 26. Rab1 Rf6 27. Rb7 e4
28. Be2 Rh6 29. h3 Qg3 30. Qd1 Rxh3+ 0-1

[Event "Dortmund Sparkassen op-A"]
[Site "Dortmund"]
[Date "2011.07.28"]
[Round "6"]
[White "Bomans, Arno"]
[Black "De Schampheleire, Glen"]
[Result "1/2-1/2"]
[WhiteElo "2198"]
[BlackElo "2263"]
[PlyCount "49"]
[EventDate "2011.07.23"]
[EventType "swiss"]
[EventRounds "9"]
[EventCountry "GER"]
[SourceTitle "OM OTB B 201907"]
[Source "Opening Master"]
[SourceDate "2019.07.06"]
[SourceVersion "2"]
[SourceVersionDate "2019.07.06"]
[SourceQuality "1"]

1. e4 c5 2. Nf3 Nc6 3. d4 cxd4 4. Nxd4 Nf6 5. Nc3 d6 6. Be2 e5 7. Nb3 Be7 8.
Be3 O-O 9. Qd2 Be6 10. O-O-O a5 11. Qe1 Qc7 12. Nb5 Qb8 13. Bb6 a4 14. Bc7 axb3
15. Bxb8 bxa2 16. Kd2 Nxe4+ 17. Ke3 d5 18. Bxe5 Nxe5 19. h4 Rfe8 20. Nc7 Bc5+
21. Kf4 Ng6+ 22. Kf3 Ne5+ 23. Kf4 Ng6+ 24. Kf3 Ne5+ 25. Kf4 1/2-1/2

[Event "FICS rated standard game"]
[Site "FICS freechess.org"]
[Date "2011.07.27"]
[Round "?"]
[White "smilemoon"]
[Black "FrenchSexyGirl"]
[Result "1/2-1/2"]
[WhiteElo "2068"]
[BlackElo "2298"]
[PlyCount "77"]
[EventDate "2011.??.??"]

1. e4 c5 2. Nf3 d6 3. d4 cxd4 4. Nxd4 Nf6 5. Nc3 Nc6 6. Be2 e5 7. Nb3 Be7 8.
Be3 Be6 9. f3 d5 10. exd5 Nxd5 11. Nxd5 Qxd5 12. Qxd5 Bxd5 13. c4 Be6 14. Nc5
Bxc5 15. Bxc5 b6 16. Ba3 O-O-O 17. b3 Nd4 18. Rc1 Bf5 19. Bb2 f6 20. Kf2 Nxe2
21. Kxe2 e4 22. fxe4 Rhe8 23. e5 fxe5 24. c5 Kc7 25. b4 Rd5 26. cxb6+ Kxb6 27.
Rc5 Rxc5 28. bxc5+ Kxc5 29. Rc1+ Kd5 30. Rc7 Rc8 31. Rxc8 Bxc8 32. Ke3 g5 33.
g3 h6 34. h4 Bd7 35. hxg5 hxg5 36. Kd3 a5 37. Bc3 a4 38. a3 g4 39. Bb4 1/2-1/2

[Event "Biel MTO op 44th"]
[Site "Biel"]
[Date "2011.07.26"]
[Round "8"]
[White "Kovchan, Alexander"]
[Black "Gharamian, Tigran"]
[Result "1/2-1/2"]
[WhiteElo "2554"]
[BlackElo "2670"]
[PlyCount "30"]
[EventDate "2011.07.18"]
[EventType "swiss"]
[EventRounds "11"]
[EventCountry "SUI"]
[SourceTitle "OM OTB B 201907"]
[Source "Opening Master"]
[SourceDate "2019.07.06"]
[SourceVersion "2"]
[SourceVersionDate "2019.07.06"]
[SourceQuality "1"]

1. e4 c5 2. Nf3 d6 3. d4 cxd4 4. Nxd4 Nf6 5. Nc3 Nc6 6. Be2 e5 7. Nf3 h6 8. O-O
Be7 9. h3 O-O 10. Re1 a6 11. Nh2 Be6 12. Ng4 Nd4 13. Nxf6+ Bxf6 14. Be3 Qb6 15.
Rb1 Rfe8 1/2-1/2

[Event "Klaipeda Sea op"]
[Site "Klaipeda"]
[Date "2011.07.26"]
[Round "2"]
[White "Stasius, Vidmantas"]
[Black "Petraitis, Gintautas"]
[Result "1-0"]
[WhiteElo "2021"]
[BlackElo "1981"]
[PlyCount "47"]
[EventDate "2011.07.25"]
[EventType "swiss"]
[EventRounds "9"]
[EventCountry "LTU"]
[SourceTitle "OM OTB B 201907"]
[Source "Opening Master"]
[SourceDate "2019.07.06"]
[SourceVersion "2"]
[SourceVersionDate "2019.07.06"]
[SourceQuality "1"]

1. e4 c5 2. Nf3 d6 3. d4 cxd4 4. Nxd4 Nf6 5. Nc3 Nc6 6. Be2 e5 7. Nb3 Be6 8.
O-O d5 9. exd5 Nxd5 10. Ne4 b6 11. Bb5 Qc7 12. Ng5 O-O-O 13. Nxe6 fxe6 14. Qg4
Rd6 15. Bd2 Qf7 16. Qa4 Nd4 17. Nxd4 exd4 18. c4 dxc3 19. Bxc3 Nxc3 20. Rac1
Kb8 21. Rxc3 Be7 22. Rc7 a5 23. Qc4 Rd5 24. Qc6 1-0

[Event "Pardubice op rap 22nd"]
[Site "Pardubice"]
[Date "2011.07.21"]
[Round "5"]
[White "Gorbatov, Alexej"]
[Black "Baryshpolets, Andrey"]
[Result "0-1"]
[WhiteElo "2375"]
[BlackElo "2474"]
[PlyCount "62"]
[EventDate "2011.07.20"]
[EventType "swiss (rapid)"]
[EventRounds "9"]
[EventCountry "CZE"]
[SourceTitle "OM OTB B 201907"]
[Source "Opening Master"]
[SourceDate "2019.07.06"]
[SourceVersion "2"]
[SourceVersionDate "2019.07.06"]
[SourceQuality "1"]

1. e4 c5 2. Nf3 Nc6 3. d4 cxd4 4. Nxd4 Nf6 5. Nc3 d6 6. Be2 e5 7. Nb3 Be7 8.
O-O O-O 9. f3 a5 10. Be3 a4 11. Nd2 a3 12. b3 Nb4 13. Nc4 d5 14. Bb6 Qd7 15.
Nxe5 Qd6 16. Bd4 dxe4 17. fxe4 Rd8 18. Nb5 Qb8 19. Bc4 Be6 20. Bxe6 fxe6 21.
Nd3 Ra5 22. e5 Ne4 23. Qg4 Rxb5 24. Qxe6+ Kh8 25. Qxe7 Nc6 26. Qh4 Rxd4 27. Rf4
g5 28. Qh6 gxf4 29. Nxf4 Nxe5 30. Ne6 Rd7 31. Qe3 Qd6 0-1

[Event "Paleochora op 4th"]
[Site "Paleochora"]
[Date "2011.07.21"]
[Round "3"]
[White "Barth, Norbert"]
[Black "Zinchenko, Yaroslav"]
[Result "0-1"]
[WhiteElo "2289"]
[BlackElo "2543"]
[PlyCount "66"]
[EventDate "2011.07.20"]
[EventType "swiss"]
[EventRounds "9"]
[EventCountry "GRE"]
[SourceTitle "OM OTB B 201907"]
[Source "Opening Master"]
[SourceDate "2019.07.06"]
[SourceVersion "2"]
[SourceVersionDate "2019.07.06"]
[SourceQuality "1"]

1. e4 c5 2. Nf3 d6 3. d4 cxd4 4. Nxd4 Nf6 5. Nc3 Nc6 6. Be2 e5 7. Nf3 h6 8. O-O
Be7 9. Re1 O-O 10. Bf1 Bg4 11. h3 Bh5 12. g4 Bg6 13. Bg2 a6 14. Nh4 Bxe4 15.
Nxe4 Nxe4 16. Nf5 Nc5 17. Be3 Ne6 18. c3 Re8 19. Re2 Qc7 20. Rd2 Rad8 21. Bd5
Bg5 22. Bxe6 Rxe6 23. Bxg5 hxg5 24. Ne3 Ne7 25. Nd5 Qc6 26. Nxe7+ Rxe7 27. Rd5
Re6 28. Qd2 Rh6 29. Rd1 Rxh3 30. Qxg5 Re8 31. Kg2 Rh6 32. Kg3 Rg6 33. Qe3 f5
0-1

[Event "FICS rated standard game"]
[Site "FICS freechess.org"]
[Date "2011.07.21"]
[Round "?"]
[White "professinaleng"]
[Black "parrot"]
[Result "1-0"]
[WhiteElo "2494"]
[BlackElo "2241"]
[PlyCount "63"]
[EventDate "2011.??.??"]

1. Nf3 c5 2. e4 Nc6 3. Be2 Nf6 4. Nc3 d6 5. d4 cxd4 6. Nxd4 e5 7. Nb3 Be6 8.
Bg5 Be7 9. O-O O-O 10. f4 h6 11. Bxf6 Bxf6 12. f5 Bxb3 13. axb3 Nb4 14. Bc4
Qb6+ 15. Kh1 Be7 16. Nd5 Nxd5 17. Bxd5 Rac8 18. c3 Rc7 19. Qg4 Bf6 20. Rf3 a5
21. Rh3 Bg5 22. f6 Qf2 23. Rf3 Qxb2 24. Raf1 Rxc3 25. fxg7 Rxf3 26. gxf8=R+
Kxf8 27. Qxf3 f6 28. Qh5 Ke7 29. Qf7+ Kd8 30. Be6 Qxg2+ 31. Kxg2 b6 32. Qd7#
1-0

[Event "Abaza op"]
[Site "Abaza"]
[Date "2011.07.20"]
[Round "5"]
[White "Lyashenko, Anna"]
[Black "Chuldum, Artysh"]
[Result "1-0"]
[WhiteElo "2021"]
[BlackElo "2178"]
[PlyCount "109"]
[EventDate "2011.07.16"]
[EventType "swiss"]
[EventRounds "9"]
[EventCountry "RUS"]
[SourceTitle "OM OTB B 201907"]
[Source "Opening Master"]
[SourceDate "2019.07.06"]
[SourceVersion "2"]
[SourceVersionDate "2019.07.06"]
[SourceQuality "1"]

1. e4 c5 2. Nf3 Nc6 3. d4 cxd4 4. Nxd4 Nf6 5. Nc3 d6 6. Be2 e5 7. Nb3 Be7 8.
Be3 Be6 9. O-O O-O 10. f3 a6 11. a3 Rc8 12. Nd5 Bxd5 13. exd5 Nb8 14. Bd3 Nxd5
15. Bxh7+ Kxh7 16. Qxd5 Nc6 17. Rad1 f5 18. c3 Qe8 19. f4 Rf6 20. Rf3 Qf7 21.
fxe5 dxe5 22. Bg5 Rd8 23. Rh3+ Kg8 24. Qxf7+ Rxf7 25. Rxd8+ Bxd8 26. Bxd8 Nxd8
27. Rd3 Nc6 28. h4 f4 29. Nc5 Re7 30. Ne4 Na5 31. a4 Kh7 32. Kf2 Kg6 33. Kf3
Nc4 34. b3 Na5 35. Rd6+ Kf7 36. Rb6 Rd7 37. Nc5 Rd1 38. b4 Nc4 39. Rxb7+ Kg6
40. Rc7 Re1 41. Nxa6 Re3+ 42. Kf2 Nd2 43. Nc5 Rxc3 44. a5 e4 45. Ne6 Rb3 46.
Nxf4+ Kf5 47. Nd5 Ke5 48. Ne7 Rb2 49. Ke1 e3 50. a6 Ne4 51. Nc6+ Kd5 52. Re7
Nd6 53. a7 Ra2 54. Na5 Kd4 55. a8=Q 1-0

[Event "Dieren op"]
[Site "Dieren"]
[Date "2011.07.20"]
[Round "2"]
[White "Van Foreest, Jorden"]
[Black "Wroblowski, Oliver"]
[Result "1-0"]
[WhiteElo "2097"]
[BlackElo "2191"]
[PlyCount "87"]
[EventDate "2011.07.19"]
[EventType "swiss"]
[EventRounds "9"]
[EventCountry "NED"]
[SourceTitle "OM OTB B 201907"]
[Source "Opening Master"]
[SourceDate "2019.07.06"]
[SourceVersion "2"]
[SourceVersionDate "2019.07.06"]
[SourceQuality "1"]

1. e4 c5 2. Nf3 d6 3. d4 cxd4 4. Nxd4 Nf6 5. Nc3 Nc6 6. Be2 e5 7. Nb3 Be7 8.
O-O O-O 9. Be3 Be6 10. f3 d5 11. exd5 Nxd5 12. Nxd5 Qxd5 13. Qxd5 Bxd5 14. c3
Rfd8 15. Rfd1 Be6 16. Bd3 b6 17. Be4 Rac8 18. f4 f6 19. Rxd8+ Bxd8 20. f5 Bf7
21. Rd1 Be8 22. Nd2 Be7 23. Bd5+ Kf8 24. Ne4 Rd8 25. Rd2 Nb8 26. c4 Na6 27. a3
Nc5 28. Nc3 Nb3 29. Rd1 Bc5 30. Bxc5+ bxc5 31. Rd3 a5 32. g4 Bc6 33. Ne4 Ba4
34. g5 fxg5 35. Nxg5 Ke7 36. Ne6 Rd7 37. Nxg7 Kf6 38. Ne6 Kxf5 39. Rf3+ Kg4 40.
Re3 Kf5 41. Rf3+ Kg4 42. Rf6 h5 43. Bf3+ Kh3 44. Rh6 1-0

[Event "Paleochora op 4th"]
[Site "Paleochora"]
[Date "2011.07.20"]
[Round "1"]
[White "Kaplan, Sasha"]
[Black "Skaraki, Antigoni"]
[Result "1-0"]
[WhiteElo "2436"]
[BlackElo "1763"]
[PlyCount "79"]
[EventDate "2011.07.20"]
[EventType "swiss"]
[EventRounds "9"]
[EventCountry "GRE"]
[SourceTitle "OM OTB B 201907"]
[Source "Opening Master"]
[SourceDate "2019.07.06"]
[SourceVersion "2"]
[SourceVersionDate "2019.07.06"]
[SourceQuality "1"]

1. e4 c5 2. Nf3 d6 3. d4 cxd4 4. Nxd4 Nf6 5. Nc3 Nc6 6. Be2 e5 7. Nf3 h6 8. O-O
Be7 9. Re1 O-O 10. h3 Be6 11. Bf1 Rc8 12. b3 Qc7 13. Nb5 Qd7 14. c4 Nh7 15. Bd3
a6 16. Nc3 Ng5 17. Nd5 Nxf3+ 18. Qxf3 Qd8 19. Bb2 Bg5 20. Rad1 Ne7 21. Nc3 Ng6
22. Bf1 Rc6 23. Nd5 Qd7 24. Ba3 f5 25. exf5 Bxf5 26. Nb4 e4 27. Rxe4 Bxe4 28.
Qxe4 Qf7 29. Nxc6 Qxf2+ 30. Kh1 bxc6 31. Qxg6 Be3 32. Bd3 Rf6 33. Qe8+ Rf8 34.
Qe6+ Kh8 35. Rf1 Qxf1+ 36. Bxf1 Rxf1+ 37. Kh2 Bf4+ 38. g3 Be5 39. Bxd6 Rf2+ 40.
Kg1 1-0

[Event "Biel MTO op 44th"]
[Site "Biel"]
[Date "2011.07.18"]
[Round "1"]
[White "Schaerer, Julian"]
[Black "Baklan, Vladimir"]
[Result "0-1"]
[WhiteElo "2198"]
[BlackElo "2620"]
[PlyCount "68"]
[EventDate "2011.07.18"]
[EventType "swiss"]
[EventRounds "11"]
[EventCountry "SUI"]
[SourceTitle "OM OTB B 201907"]
[Source "Opening Master"]
[SourceDate "2019.07.06"]
[SourceVersion "2"]
[SourceVersionDate "2019.07.06"]
[SourceQuality "1"]

1. e4 c5 2. Nf3 d6 3. d4 cxd4 4. Nxd4 Nf6 5. Nc3 Nc6 6. Be2 e5 7. Nf3 h6 8. O-O
Be7 9. Re1 O-O 10. h3 b6 11. Bc4 Be6 12. Nd5 Rc8 13. c3 Nb8 14. Qb3 Kh8 15. Nd2
Nbd7 16. Nxf6 Bxf6 17. Bxe6 Nc5 18. Qd1 fxe6 19. Nf1 Bh4 20. g3 Be7 21. c4 Qe8
22. Kg2 b5 23. Qe2 bxc4 24. Qxc4 Qf7 25. Qe2 Nd3 26. Be3 Nxe1+ 27. Rxe1 d5 28.
exd5 exd5 29. f4 Bb4 30. Rc1 d4 31. Bd2 Qd5+ 32. Kg1 Rxc1 33. Bxc1 e4 34. Bd2
Bc5 0-1

[Event "Hamburg St Pauli op-A"]
[Site "Hamburg"]
[Date "2011.07.17"]
[Round "9"]
[White "Hinrichs, Jan"]
[Black "Hawranke, Dietrich"]
[Result "1/2-1/2"]
[WhiteElo "1947"]
[BlackElo "2139"]
[PlyCount "47"]
[EventDate "2011.07.09"]
[EventType "swiss"]
[EventRounds "9"]
[EventCountry "GER"]
[SourceTitle "OM OTB B 201907"]
[Source "Opening Master"]
[SourceDate "2019.07.06"]
[SourceVersion "2"]
[SourceVersionDate "2019.07.06"]
[SourceQuality "1"]

1. e4 c5 2. Nf3 Nc6 3. d4 cxd4 4. Nxd4 Nf6 5. Nc3 d6 6. Be2 e5 7. Nb3 Be7 8.
O-O O-O 9. Kh1 a5 10. Be3 a4 11. Nd2 a3 12. bxa3 Rxa3 13. Nb5 Ra5 14. c4 Be6
15. f3 Nd7 16. Nb3 Ra8 17. Nxd6 Qb8 18. Nb5 Rd8 19. Nc3 Nb4 20. Nd5 Bxd5 21.
cxd5 Rxa2 22. Rxa2 Nxa2 23. Qd2 Nb4 24. Bb5 1/2-1/2

[Event "Rethymnon op 3rd"]
[Site "Rethymnon"]
[Date "2011.07.17"]
[Round "8"]
[White "Vas, Peter1"]
[Black "Kohlweyer, Bernd"]
[Result "1/2-1/2"]
[WhiteElo "2295"]
[BlackElo "2494"]
[PlyCount "238"]
[EventDate "2011.07.11"]
[EventType "swiss"]
[EventRounds "9"]
[EventCountry "GRE"]
[SourceTitle "OM OTB B 201907"]
[Source "Opening Master"]
[SourceDate "2019.07.06"]
[SourceVersion "2"]
[SourceVersionDate "2019.07.06"]
[SourceQuality "1"]

1. e4 c5 2. Nf3 Nc6 3. d4 cxd4 4. Nxd4 Nf6 5. Nc3 d6 6. Be2 e5 7. Nb3 Be7 8.
O-O O-O 9. Kh1 a5 10. a4 Nb4 11. f4 b6 12. Be3 Bb7 13. Bf3 d5 14. exd5 exf4 15.
Bxf4 Nfxd5 16. Nxd5 Nxd5 17. Be5 Ra7 18. Qd4 Nf6 19. Qxd8 Bxd8 20. Bb8 Ra8 21.
Bd6 Bxf3 22. Bxf8 Bxg2+ 23. Kxg2 Kxf8 24. Rad1 Rc8 25. c3 Be7 26. Rfe1 g6 27.
Kf3 Rc7 28. Re5 Nd7 29. Red5 Ke8 30. Re1 Kf8 31. Red1 Ke8 32. Nd4 Nf6 33. Rb5
Nd7 34. Rd5 Nf6 35. Rb5 Nd7 36. Ne2 Rc4 37. Rd4 Rc6 38. b4 Bf6 39. Re4+ Kf8 40.
bxa5 bxa5 41. Rxa5 Kg7 42. Rb5 Nb6 43. Rbb4 Nd5 44. Rbc4 Ra6 45. Rc5 Ne7 46. a5
Nc6 47. Ra4 Bd8 48. Nd4 Nxa5 49. Ke2 Nb7 50. Rxa6 Nxc5 51. Rc6 Be7 52. Ke3 f5
53. Ne6+ Nxe6 54. Rxe6 Kf7 55. Ra6 Bc5+ 56. Kf4 Bg1 57. h3 h6 58. c4 Bh2+ 59.
Kf3 Be5 60. c5 g5 61. Rxh6 Bd4 62. Rc6 Ke7 63. Ke2 g4 64. hxg4 fxg4 65. Kd3 Bf6
66. Ke4 g3 67. Kd5 Kf7 68. Re6 Bd4 69. c6 g2 70. Re1 Bf2 71. Rc1 Bg3 72. Rg1
Ke7 73. Rxg2 Bf4 74. Kc5 Be3+ 75. Kb5 Kd8 76. Rg7 Kc8 77. Re7 Bf2 78. Kc4 Bg3
79. Kd5 Bh2 80. Rf7 Kb8 81. Kc5 Kc8 82. Rg7 Be5 83. Re7 Bg3 84. Rf7 Be5 85. Re7
Bg3 86. Kb6 Bf2+ 87. Kb5 Bg3 88. Rf7 Bh2 89. Rf3 Kc7 90. Rf1 Be5 91. Kc5 Kc8
92. Rf8+ Kc7 93. Rf7+ Kc8 94. c7 Kb7 95. c8=Q+ Kxc8 96. Kd5 Bg3 97. Rf3 Bh2 98.
Kc6 Kd8 99. Re3 Bf4 100. Rd3+ Ke8 101. Kd5 Ke7 102. Ra3 Bh2 103. Re3+ Kf6 104.
Re6+ Kf7 105. Re2 Bg3 106. Re3 Bh2 107. Rf3+ Ke7 108. Rh3 Bf4 109. Ke4 Bd6 110.
Rh7+ Ke6 111. Rh6+ Ke7 112. Kd5 Bf4 113. Re6+ Kf7 114. Re4 Bg3 115. Kd4 Kf6
116. Ke3 Kf5 117. Re8 Be5 118. Rf8+ Bf6 119. Rxf6+ Kxf6 1/2-1/2

[Event "Abaza op"]
[Site "Abaza"]
[Date "2011.07.17"]
[Round "2"]
[White "Martynov, Sergey G"]
[Black "Sergeev, Albert"]
[Result "0-1"]
[WhiteElo "2042"]
[BlackElo "2323"]
[PlyCount "72"]
[EventDate "2011.07.16"]
[EventType "swiss"]
[EventRounds "9"]
[EventCountry "RUS"]
[SourceTitle "OM OTB B 201907"]
[Source "Opening Master"]
[SourceDate "2019.07.06"]
[SourceVersion "2"]
[SourceVersionDate "2019.07.06"]
[SourceQuality "1"]

1. e4 c5 2. Nf3 Nc6 3. d4 cxd4 4. Nxd4 Nf6 5. Nc3 d6 6. Be2 e5 7. Nxc6 bxc6 8.
O-O Be7 9. Kh1 O-O 10. Qd3 Nd7 11. f4 exf4 12. Bxf4 Ne5 13. Qg3 Ng6 14. Be3 Bh4
15. Qf3 Ne5 16. Qh5 Bg4 17. Bxg4 g6 18. Qh6 Nxg4 19. Qf4 Nxe3 20. Qxe3 Bf6 21.
Rad1 Be5 22. b3 Qh4 23. g3 Qe7 24. a4 Bxc3 25. Qxc3 Qxe4+ 26. Kg1 Rad8 27. Rfe1
Qf5 28. Qxc6 Rc8 29. Qxd6 Rxc2 30. Rd2 Rxd2 31. Qxd2 Rc8 32. Rc1 Re8 33. Qf2
Qd5 34. Qc2 h5 35. Qc4 Qd2 36. Qc3 Re1+ 0-1

[Event "Warsaw Najdorf Memorial op-A"]
[Site "Warsaw"]
[Date "2011.07.16"]
[Round "3"]
[White "Poswiatowski, Michal"]
[Black "Czarnota, Dorota"]
[Result "1-0"]
[WhiteElo "1971"]
[BlackElo "2240"]
[PlyCount "73"]
[EventDate "2011.07.13"]
[EventType "swiss"]
[EventRounds "9"]
[EventCountry "POL"]
[SourceTitle "OM OTB B 201907"]
[Source "Opening Master"]
[SourceDate "2019.07.06"]
[SourceVersion "2"]
[SourceVersionDate "2019.07.06"]
[SourceQuality "1"]

1. e4 c5 2. Nf3 Nc6 3. d4 cxd4 4. Nxd4 Nf6 5. Nc3 d6 6. Be2 e5 7. Nb3 Be7 8.
O-O O-O 9. f4 a5 10. Be3 a4 11. Nd2 exf4 12. Rxf4 Ne5 13. Kh1 Be6 14. a3 d5 15.
exd5 Nxd5 16. Nxd5 Qxd5 17. Nf3 Nxf3 18. Bxf3 Qb5 19. Be2 Qe5 20. Qd4 Qc7 21.
Qe4 Ra5 22. Bd3 g6 23. Qf3 Rh5 24. h3 Bd6 25. Rd4 Be5 26. Bf4 Qc5 27. Bxe5 Qxe5
28. c3 Rg5 29. Rf1 Rg3 30. Qf4 Qxf4 31. Rfxf4 Re3 32. Bb5 Re1+ 33. Rf1 Rxf1+
34. Bxf1 Bb3 35. Bc4 Bxc4 36. Rxc4 b5 37. Rb4 1-0

[Event "SUI-ch 111th"]
[Site "Leukerbad"]
[Date "2011.07.15"]
[Round "9"]
[White "Grinfeld, Alla B"]
[Black "Nuri, Kambez"]
[Result "0-1"]
[WhiteElo "2241"]
[BlackElo "2321"]
[PlyCount "108"]
[EventDate "2011.07.07"]
[EventType "swiss"]
[EventRounds "9"]
[EventCountry "SUI"]
[SourceTitle "OM OTB B 201907"]
[Source "Opening Master"]
[SourceDate "2019.07.06"]
[SourceVersion "2"]
[SourceVersionDate "2019.07.06"]
[SourceQuality "1"]

1. e4 c5 2. Nf3 Nc6 3. d4 cxd4 4. Nxd4 Nf6 5. Nc3 d6 6. Be2 e5 7. Nf3 h6 8. O-O
Be7 9. h3 O-O 10. Re1 a6 11. Bf1 Nb8 12. a4 b6 13. Bc4 Bb7 14. Nd5 Nxd5 15.
Bxd5 Bxd5 16. Qxd5 Nd7 17. c4 Qc7 18. b3 Nc5 19. Ra3 Ne6 20. Be3 Rab8 21. Ra2
Qb7 22. Rd1 Rfc8 23. Qxb7 Rxb7 24. Rd5 Kh7 25. Kf1 g6 26. g4 Rf8 27. Ke2 f5 28.
gxf5 gxf5 29. exf5 Rxf5 30. Rd1 Rb8 31. Rg1 Rbf8 32. Rg3 Nf4+ 33. Bxf4 Rxf4 34.
Rd2 e4 35. Nd4 Rxf2+ 36. Kd1 Rf1+ 37. Kc2 Bg5 38. Re2 R8f2 39. Rg2 Rc1+ 40. Kb2
Rxg2 41. Rxg2 Rh1 42. Re2 e3 43. Nf5 Bf4 44. Nxe3 Rxh3 45. Nd5 Be5+ 46. Kc2 a5
47. Rd2 h5 48. Nxb6 Rc3+ 49. Kd1 Rxb3 50. Nc8 h4 51. Nxd6 h3 52. Ne4 h2 53. Nf2
Rf3 54. Rd7+ Kg6 0-1

[Event "SUI-ch 111th"]
[Site "Leukerbad"]
[Date "2011.07.15"]
[Round "9"]
[White "Netzer, Jean"]
[Black "Stoeri, Simon"]
[Result "1/2-1/2"]
[WhiteElo "2409"]
[BlackElo "2118"]
[PlyCount "70"]
[EventDate "2011.07.07"]
[EventType "swiss"]
[EventRounds "9"]
[EventCountry "SUI"]
[SourceTitle "OM OTB B 201907"]
[Source "Opening Master"]
[SourceDate "2019.07.06"]
[SourceVersion "2"]
[SourceVersionDate "2019.07.06"]
[SourceQuality "1"]

1. e4 c5 2. Nf3 d6 3. d4 cxd4 4. Nxd4 Nf6 5. Nc3 Nc6 6. Be2 e5 7. Nf3 h6 8. h3
Be7 9. O-O O-O 10. Re1 Nb8 11. Bc4 Be6 12. Nd5 Nxd5 13. Bxd5 Qc7 14. c3 Nd7 15.
Nh2 Nf6 16. Bb3 Rad8 17. Ng4 Nxg4 18. hxg4 Qd7 19. Bxe6 Qxe6 20. Be3 d5 21.
exd5 Rxd5 22. Qb3 b6 23. a4 Rfd8 24. Qc4 Qg6 25. a5 bxa5 26. Bxa7 h5 27. gxh5
Qxh5 28. b4 axb4 29. cxb4 Bg5 30. Bb6 Bf4 31. g3 Rd2 32. Ra3 Rd1 33. Ra1 R1d2
34. Ra3 Rd1 35. Ra1 R1d2 1/2-1/2

[Event "Warsaw Najdorf Memorial op-A"]
[Site "Warsaw"]
[Date "2011.07.14"]
[Round "1"]
[White "Poznanska, Katarzyna"]
[Black "Hoffmann, Paul"]
[Result "1-0"]
[WhiteElo "2068"]
[BlackElo "2329"]
[PlyCount "51"]
[EventDate "2011.07.13"]
[EventType "swiss"]
[EventRounds "9"]
[EventCountry "POL"]
[SourceTitle "OM OTB B 201907"]
[Source "Opening Master"]
[SourceDate "2019.07.06"]
[SourceVersion "2"]
[SourceVersionDate "2019.07.06"]
[SourceQuality "1"]

1. e4 c5 2. Nf3 d6 3. d4 cxd4 4. Nxd4 Nf6 5. Nc3 Nc6 6. Be2 e5 7. Nb3 h6 8. Be3
Be7 9. Qd2 O-O 10. f3 a5 11. a4 Be6 12. O-O Nb4 13. f4 exf4 14. Rxf4 Nd7 15.
Nd4 Ne5 16. Ncb5 Bc4 17. Rd1 Bxe2 18. Qxe2 Bg5 19. Nf5 Rc8 20. c3 Bxf4 21. Bxf4
Nbd3 22. Rxd3 Nxd3 23. Qxd3 Qf6 24. Qg3 Rc4 25. Nbxd6 Rxa4 26. e5 1-0

[Event "Gyor op 2nd"]
[Site "Gyor"]
[Date "2011.07.13"]
[Round "1"]
[White "Kormos, Adam"]
[Black "Vasvari, Attila"]
[Result "1-0"]
[WhiteElo "2202"]
[BlackElo "1713"]
[PlyCount "95"]
[EventDate "2011.07.13"]
[EventType "swiss"]
[EventRounds "9"]
[EventCountry "HUN"]
[SourceTitle "OM OTB B 201907"]
[Source "Opening Master"]
[SourceDate "2019.07.06"]
[SourceVersion "2"]
[SourceVersionDate "2019.07.06"]
[SourceQuality "1"]

1. e4 c5 2. Nf3 Nc6 3. d4 cxd4 4. Nxd4 Nf6 5. Nc3 d6 6. Be2 e5 7. Nb3 Be6 8.
Be3 Be7 9. O-O O-O 10. f4 exf4 11. Rxf4 d5 12. exd5 Nxd5 13. Nxd5 Bxd5 14. Bc4
Bxc4 15. Rxc4 Bf6 16. c3 Qe8 17. Bc5 Qe6 18. Qg4 Rfe8 19. Qxe6 Rxe6 20. Rf4 b6
21. Ba3 Re2 22. Rf2 Re6 23. Rd1 Rae8 24. g3 a5 25. Kf1 a4 26. Nd4 Nxd4 27. cxd4
Re4 28. d5 Bd4 29. Rfd2 Bc5 30. Bxc5 bxc5 31. d6 Rd8 32. Rd5 Re6 33. Rxc5 g6
34. Rcd5 Rd7 35. R5d4 Rf6+ 36. Ke2 Re6+ 37. Kf3 Rf6+ 38. Kg2 Re6 39. R1d2 Rf6
40. h4 h6 41. Rxa4 Rfxd6 42. Rxd6 Rxd6 43. Rb4 f5 44. a4 Kf7 45. a5 Ra6 46. Ra4
g5 47. b4 g4 48. b5 1-0

[Event "Azov Don Cup"]
[Site "Azov"]
[Date "2011.07.12"]
[Round "5"]
[White "Kondrashov, Kirill"]
[Black "Kulygin, Evgeniy"]
[Result "0-1"]
[WhiteElo "1920"]
[BlackElo "2118"]
[PlyCount "68"]
[EventDate "2011.07.09"]
[EventType "swiss"]
[EventRounds "9"]
[EventCountry "RUS"]
[SourceTitle "OM OTB B 201907"]
[Source "Opening Master"]
[SourceDate "2019.07.06"]
[SourceVersion "2"]
[SourceVersionDate "2019.07.06"]
[SourceQuality "1"]

1. e4 c5 2. Nf3 d6 3. d4 cxd4 4. Nxd4 Nf6 5. Nc3 Nc6 6. Be2 e5 7. Nf3 Be7 8.
O-O O-O 9. Bg5 Be6 10. Bxf6 Bxf6 11. Nd5 Be7 12. Bc4 Rc8 13. b3 Na5 14. Nxe7+
Qxe7 15. Bxe6 fxe6 16. c4 Nc6 17. Qe2 Rf4 18. g3 Rf7 19. Rad1 Rcf8 20. Ne1 Nd4
21. Qd3 h5 22. f3 h4 23. Rd2 hxg3 24. hxg3 Qg5 25. Rg2 g6 26. f4 Qg4 27. Nc2
Nxc2 28. Qxc2 exf4 29. gxf4 Rxf4 30. Rxg4 Rxg4+ 31. Kh2 Rxf1 32. Qd3 Rf7 33.
Kh3 Rg5 34. Kh4 Rg1 0-1